|
|
|
|
| LEADER |
00910nam a22002892a 4500 |
| 001 |
001456651 |
| 003 |
CZ BrMZK |
| 005 |
20150827095025.0 |
| 007 |
ta |
| 008 |
150217s1953 xr er|||||||||||cze d |
| 015 |
|
|
|a cnb000414860
|
| 035 |
|
|
|a (OCoLC)85179950
|
| 040 |
|
|
|a ABA001
|b cze
|c OLA001
|d ABA001
|d OLA001
|d BOA001
|
| 041 |
1 |
|
|a cze
|h tur
|
| 100 |
1 |
|
|a Hikmet Ran, Nazim,
|d 1902-1963
|7 jn19990003502
|4 aut
|
| 245 |
1 |
0 |
|a Vyprávění o turecké zemi :
|b hra o 3 dějstvích /
|c Nazim Hikmet
|
| 250 |
|
|
|a 1. vyd.
|
| 260 |
|
|
|a Praha :
|b Orbis,
|c 1953
|
| 300 |
|
|
|a 110 s.
|
| 490 |
1 |
|
|a Divadelní knihovna. Hry současné ;
|v sv. 19
|
| 500 |
|
|
|a 2200 výt.
|
| 500 |
|
|
|a Přeloženo z turečtiny?
|
| 830 |
|
0 |
|a Divadelní knihovna (Orbis)
|0 s
|
| 910 |
|
|
|a BOA001
|b 2-0312.937
|
| 990 |
|
|
|a BK
|
| 991 |
|
|
|b 201502
|
| 996 |
6 |
|
|b 2618816366
|c 2-0312.937
|l MZK
|r Sklad / do 24 hodin
|n 0
|w 001491752
|u 000010
|a 1
|e BOA001
|j MZK50
|s P
|